Statistics for Countries with Popular Cities - Map Quiz

Click here to take the quiz!

General Stats

  • This quiz has been taken 28 times
  • The average score is 15 of 15

Answers on the Map

Answers color-coded by a green-red scale on the quiz's map according to % correct below.
 

Answer Stats

Answer% Correct
Brazil
100%
Canada
100%
China
100%
Egypt
100%
France
100%
India
100%
Indonesia
100%
Japan
100%
Mexico
100%
Nigeria
100%
Russia
100%
Thailand
100%
Germany
96%
United States
96%
United Kingdom
93%

Score Distribution

Percentile by Number Answered

Percent of People with Each Score

Your Score History

You have not taken this quiz